000 00746nam a2200253Ia 4500
003 OSt
005 20220918185139.0
006 a|||||r|||| 00| 0
007 ta
008 220917b |||||||| |||| 00| 0 eng d
024 _a49,857
037 _cTextual
040 _aARTS
_cARTS
_beng
041 _2eng
_aeng
082 _aP:75, N1
100 _aHarri-Augstein Sheila
_968016
245 0 _aLearning conversations
_b the self-organised learning way to personal and organisational growth
260 _aLondon
_bRoutledge
_c1991
300 _a386p.
_ccm.
650 _aLINGUISTICS
700 _a Thomas Leurie F
_968017
942 _hP:75, N1
_cTEXL
_2CC
999 _c179457
_d179457